Rare Earth Elements (Record no. 535231)

000 -LEADER
fixed length control field 00317nam a22001337a 4500
020 ## - INTERNATIONAL STANDARD BOOK NUMBER
International Standard Book Number 978-93-86391-30-8
040 ## - CATALOGING SOURCE
Transcribing agency MSOHAIL
082 ## - DEWEY DECIMAL CLASSIFICATION NUMBER
Classification number 546.4
Author Mark BAL
100 ## - MAIN ENTRY--PERSONAL NAME
Personal name Neelam Baliyan
9 (RLIN) 29680
245 ## - TITLE STATEMENT
Title Rare Earth Elements
260 ## - PUBLICATION, DISTRIBUTION, ETC.
Place of publication, distribution, etc. Random Publications
Name of publisher, distributor, etc. New Delhi
Date of publication, distribution, etc. c2018
300 ## - PHYSICAL DESCRIPTION
Extent 266;p
942 ## - ADDED ENTRY ELEMENTS (KOHA)
Source of classification or shelving scheme
Koha item type Book
Holdings
Withdrawn status Lost status Source of classification or shelving scheme Damaged status Not for loan Permanent Location Current Location Date acquired Total Checkouts Full call number Barcode Date last seen Price effective from Koha item type
          School of Civil and Environmental Engineering (SCEE) School of Civil and Environmental Engineering (SCEE) 09/01/2020   546.4 BAL NIT-13140 09/01/2020 09/01/2020 Book
© 2023 Central Library, National University of Sciences and Technology. All Rights Reserved.